NBA Greatest Scoring Decades - Statistics

General Stats
  • This quiz has been taken 544 times
  • The average score is 21 of 25
Answer Stats
Decade Points Team Player % Correct
2000s 21065 Lakers Kobe Bryant
98%
1970s 22141 Bucks Kareem Abdul-Jabbar
97%
1990s 21370 Jazz Karl Malone
97%
1960s 27098 Warriors Wilt Chamberlain
97%
2010s 19550 Heat LeBron James
96%
1990s 18014 Bulls Michael Jordan
96%
1980s 19082 Sixers Moses Malone
96%
1960s 16835 Lakers Jerry West
95%
2010s 18627 Rockets James Harden
94%
2010s 19445 Thunder Kevin Durant
93%
1980s 17899 Celtics Larry Bird
93%
2000s 18699 Mavericks Dirk Nowitzki
92%
2010s 17603 Thunder Russell Westbrook
92%
2000s 19154 Sixers Allen Iverson
91%
2000s 16638 Timberwolves Kevin Garnett
90%
1990s 16715 Spurs David Robinson
88%
2000s 17812 Celtics Paul Pierce
88%
1990s 16914 Knicks Patrick Ewing
87%
2000s 17341 Raptors Vince Carter
85%
1960s 20261 Royals Oscar Robertson
79%
1980s 21018 Nuggets Alex English
69%
1960s 19983 Lakers Elgin Baylor
66%
1970s 18922 Bullets Elvin Hayes
49%
1980s 18157 Jazz Adrian Dantley
39%
1990s 16613 Kings Mitch Richmond
33%
No matching quizzes found
Score Distribution
Percent of People with Each Score
Percentile by Number Answered
Your Score History
You have not taken this quiz